MARC details
| 000 -CABECERA |
| campo de control de longitud fija |
03110nam a2200445 a 4500 |
| 003 - IDENTIFICADOR DEL NÚMERO DE CONTROL |
| campo de control |
CHAP |
| 005 - FECHA Y HORA DE LA ÚLTIMA TRANSACCIÓN |
| campo de control |
20240814141704.0 |
| 007 - CAMPO FIJO DE DESCRIPCIÓN FÍSICA--INFORMACIÓN GENERAL |
| campo de control de longitud fija |
cr ||||||a|c|a |
| 008 - DATOS DE LONGITUD FIJA--INFORMACIÓN GENERAL |
| campo de control de longitud fija |
101022s2010 mx r 00010 spa d |
| 035 ## - NÚMERO DE CONTROL DEL SISTEMA |
| Número de control de sistema |
111177 |
| 040 ## - FUENTE DE LA CATALOGACIÓN |
| Centro/agencia transcriptor |
CHAP |
| 090 ## - LOCALMENTE ASIGNADO TIPO-LC NÚMERO DE CLASIFICACIÓN (OCLC); NÚMERO DE CLASIFICACIÓN LOCAL (RLIN) |
| Número de clasificación (OCLC) (R) ; Numero de clasificación, CALL (RLIN) (NR) |
Tesis |
| 100 1# - ENTRADA PRINCIPAL--NOMBRE DE PERSONA |
| Nombre de persona |
Gutiérrez García, Francisco Gerardo. |
| 9 (RLIN) |
51691 |
| 245 10 - MENCIÓN DE TÍTULO |
| Título |
Relación beneficio - costo de la diabetes en México |
| Mención de responsabilidad, etc. |
/por Francisco Gerardo Gutíerrez García; director Miguel Ángel Martínez Damían |
| 264 ## - PRODUCCIÓN, PUBLICACIÓN, DISTRIBUCIÓN, FABRICACIÓN Y COPYRIGHT |
| Producción, publicación, distribución, fabricación y copyright |
Chapingo, Méx. : |
| Nombre del de productor, editor, distribuidor, fabricante |
El autor, |
| Fecha de producción, publicación, distribución, fabricación o copyright |
2010. |
| 300 ## - DESCRIPCIÓN FÍSICA |
| Extensión |
1 recurso en línea (72 páginas): |
| Otras características físicas |
Cuadros, figuras, graficas |
| 336 ## - TIPO DE CONTENIDO |
| Fuente |
rdacontent |
| Término de tipo de contenido |
texto |
| Código de tipo de contenido |
txt |
| 337 ## - TIPO DE MEDIO |
| Fuente |
rdamedia |
| Nombre/término del tipo de medio |
computadora |
| Código del tipo de medio |
c |
| 338 ## - TIPO DE SOPORTE |
| Fuente |
rdacarrier |
| Nombre/término del tipo de soporte |
recursos en linea |
| Código del tipo de soporte |
cr |
| 502 ## - NOTA DE TESIS |
| Nombre de la institución que otorga el título |
División de Ciencias Económico Administrativas, |
| Año de obtención del título |
2010 |
| Información miscelánea |
Maestría |
| Tipo de título |
Maestría en Ciencias en Economía Agrícola y de los Recursos Naturales |
| 520 ## - SUMARIO, ETC. |
| Sumario, etc. |
En la actualidad en materia de salud existen grandes retos por parte de los sistemas de salud de muchos países, y problemas sanitarios y económicos derivados de la gran epidemia de enfermedades transmisibles y no transmisibles como la Diabetes Mellitus. La diabetes representa uno de los principales problemas de salud pública en México. Nuestro país se ubica entre los de mayor número de casos registrados en el ámbito mundial. El presente estudio tiene como objetivo principal estimar la relación beneficio costo de la diabetes en México, la cual se logró obtener mediante una metodología que estimó el beneficio derivado de la prevención y el costo del tratamiento de la enfermedad una vez obtenida. Los resultados mostraron una relación beneficio costo de 6.9, la cual es mayor a 1 y nos muestra la viabilidad de la prevención. La estimación de los costos por concepto de tratamiento preventivo fue de $16, 963, 884,000. En lo que se refiere a la estimación del beneficio obtenido de la medida preventiva fue de $117, 080, 256, 000. También se realizó un análisis de sensibilidad y se obtuvo una tolerancia de aumento de costos de hasta un 550% y una tolerancia en la disminución de los beneficios de hasta un 85%. La prevención de la enfermedad en este caso resulta ser más barata que el costo del tratamiento una vez detectado, además provee múltiples beneficios indirectos en la economía nacional y en la mejora de la calidad de vida de las personas. |
| 650 04 - PUNTO DE ACCESO ADICIONAL DE MATERIA--TÉRMINO DE MATERIA |
| Término de materia o nombre geográfico como elemento de entrada |
Costos y nivel de vida |
| Subdivisión geográfica |
México. |
| 9 (RLIN) |
28549 |
| 650 04 - PUNTO DE ACCESO ADICIONAL DE MATERIA--TÉRMINO DE MATERIA |
| Término de materia o nombre geográfico como elemento de entrada |
Diabetes. |
| 9 (RLIN) |
32381 |
| 650 04 - PUNTO DE ACCESO ADICIONAL DE MATERIA--TÉRMINO DE MATERIA |
| Término de materia o nombre geográfico como elemento de entrada |
Salud pública |
| Subdivisión geográfica |
México. |
| 9 (RLIN) |
101844 |
| 700 1# - PUNTO DE ACCESO ADICIONAL--NOMBRE DE PERSONA |
| Nombre de persona |
Martínez Damián, Miguel Ángel |
| 9 (RLIN) |
71963 |
| Término indicativo de función/relación |
Director de tesis |
| 856 ## - LOCALIZACIÓN Y ACCESO ELECTRÓNICOS |
| Identificador Uniforme del Recurso |
http://10.13.5.2/tesis/111177.pdf |
| Nota pública |
DESCARGAR PDF |
| 942 ## - ELEMENTOS DE PUNTO DE ACCESO ADICIONAL (KOHA) |
| Tipo de ítem Koha |
Tesis digital |
| Fuente del sistema de clasificación o colocación |
Clasificación de la Universidad Autónoma Chapingo |
| 590 ## - NOTA LOCAL (RLIN) |
| Nota local |
ALEPH |
| Procedencia (VM) [OBSOLETO] |
10 |
| Condición del los carretes individuales (VM) [OBSOLETO] |
20130110 |
| 590 ## - NOTA LOCAL (RLIN) |
| Nota local |
BATCH-UPD |
| Procedencia (VM) [OBSOLETO] |
10 |
| Condición del los carretes individuales (VM) [OBSOLETO] |
20130110 |
| 590 ## - NOTA LOCAL (RLIN) |
| Nota local |
BATCH-UPD |
| Procedencia (VM) [OBSOLETO] |
10 |
| Condición del los carretes individuales (VM) [OBSOLETO] |
20130410 |
| 590 ## - NOTA LOCAL (RLIN) |
| Nota local |
BATCH-UPD |
| Procedencia (VM) [OBSOLETO] |
10 |
| Condición del los carretes individuales (VM) [OBSOLETO] |
20130914 |
| 590 ## - NOTA LOCAL (RLIN) |
| Nota local |
BATCH-UPD |
| Procedencia (VM) [OBSOLETO] |
10 |
| Condición del los carretes individuales (VM) [OBSOLETO] |
20140324 |
| 590 ## - NOTA LOCAL (RLIN) |
| Nota local |
BATCH-UPD |
| Procedencia (VM) [OBSOLETO] |
10 |
| Condición del los carretes individuales (VM) [OBSOLETO] |
20141002 |
| 590 ## - NOTA LOCAL (RLIN) |
| Nota local |
CONVERSION |
| Procedencia (VM) [OBSOLETO] |
10 |
| Condición del los carretes individuales (VM) [OBSOLETO] |
20130109 |
| 901 ## - ELEMENTOS DE DATOS A LOCAL LDA (RLIN) |
| a |
BK |
| 949 ## - PROCESAMIENTO DE INFORMACIÓN LOCAL (OCLC) |
| b |
BC |
| c |
TES |
| d |
33724002211520 |
| e |
TS1 |
| g |
DonaciØn |
| h |
51263 |
| i |
111177 |
| s |
b |
| 949 ## - PROCESAMIENTO DE INFORMACIÓN LOCAL (OCLC) |
| b |
BC |
| c |
TES |
| d |
33724002211561 |
| e |
TS2 |
| f |
c.2 |
| g |
DonaciØn |
| h |
51264 |
| i |
111177 |
| s |
b |